Orientación y disciplina
| Autor principal: | |
|---|---|
| Format: | Llibre |
| Idioma: | espanyol |
| Publicat: |
San José, Costa Rica :
Editorial de la Universidad de Costa Rica,
1981
|
| Edició: | segunda edición |
| Matèries: |
MARC
| LEADER | 00000nam a2200000Ia 4500 | ||
|---|---|---|---|
| 008 | 170330b1981 cr ||||| |||| 00| | spa d | ||
| 999 | |c 1175 |d 1175 | ||
| 090 | |a 371.422 |b A118-o2 | ||
| 100 | 1 | |a Abarca Molina, Angelina |9 2645 | |
| 245 | 1 | 0 | |a Orientación y disciplina |
| 250 | |a segunda edición | ||
| 260 | |a San José, Costa Rica : |b Editorial de la Universidad de Costa Rica, |c 1981 | ||
| 300 | |a 96 páginas | ||
| 650 | 1 | 4 | |a ORIENTACIÓN PEDAGÓGICA |9 1483 |
| 650 | 1 | 4 | |a DISCIPLINA ESCOLAR |9 709 |
| 942 | |i 366434 |h 371.422 A118-o2 |2 z |c 01 | ||
